Lectures on the edge-of-the-wedge theorem

Αποθηκεύτηκε σε:
Λεπτομέρειες βιβλιογραφικής εγγραφής
Κύριος συγγραφέας: Rudin, Walter, 1921-2010
Συγγραφή απο Οργανισμό/Αρχή: Conference Board of the Mathematical Sciences
Μορφή: Βιβλίο
Γλώσσα:English
Δημοσίευση: Providence : Published for the Conference Board of the Mathematical Sciences by the American Mathematical Society, [1971]
Σειρά:Regional conference series in mathematics ; ; 6
Θέματα:
Ετικέτες: Προσθήκη ετικέτας
Δεν υπάρχουν, Καταχωρήστε ετικέτα πρώτοι!

MARC

LEADER 00000cam a2200000 i 4500
001 1/26820
008 960404s1971 eng d
020 |z 0-8218-1656-1 
035 |l 10037674 
035 |a 1993 
040 |a GR-MY-UA  |b gre  |e aacr 
041 0 |a eng 
082 0 |a 515.7 
100 1 |a Rudin, Walter,   |d 1921-2010. 
245 1 0 |a Lectures on the edge-of-the-wedge theorem /  |c by Walter Rudin 
260 |a Providence :   |b Published for the Conference Board of the Mathematical Sciences by the American Mathematical Society,   |c [1971] 
300 |a v, 30 σ.;  |c 25 εκ. 
490 1 |a Regional conference series in mathematics  |v ; 6 
504 |a Βιβλιογραφία: σ. 30 
650 0 0 |a Analytic functions. 
710 2 |a Conference Board of the Mathematical Sciences. 
830 0 |a Regional conference series in mathematics ;  |v ; 6 
852 |a INST  |b SAMOS  |e 19960404  |h 515.7 RUD  |p 005300007506  |q 005300007506  |t BK  |y 0 
909 |a Σ  |b 033405